Rêves et cauchemars au cinéma (notice n° 1567537)
[ vue normale ]
| 000 -LEADER | |
|---|---|
| fixed length control field | 01252cam a2200133 4500500 |
| 005 - DATE AND TIME OF LATEST TRANSACTION | |
| control field | 20251214002832.0 |
| 041 ## - LANGUAGE CODE | |
| Language code of text/sound track or separate title | fre |
| 042 ## - AUTHENTICATION CODE | |
| Authentication code | dc |
| 100 10 - MAIN ENTRY--PERSONAL NAME | |
| Personal name | Scheinfeigel, Maxime |
| Relator term | author |
| 245 00 - TITLE STATEMENT | |
| Title | Rêves et cauchemars au cinéma |
| 260 ## - PUBLICATION, DISTRIBUTION, ETC. | |
| Name of publisher, distributor, etc. | Armand Colin,<br/> |
| Date of publication, distribution, etc. | 2012.<br/> |
| 520 ## - SUMMARY, ETC. | |
| Summary, etc. | Images oniriques, images filmiques : la proximité entre les deux dispositifs qui les produisent s’est inscrite en profondeur dans l’histoire du cinéma. Depuis toujours, en effet, des films se pensent comme les rêves se forment. Quand naissait le cinéma, Freud analysait les mécanismes de la formation des images de rêve. Aujourd’hui, des neurobiologistes montrent comment l’activité onirique est une des aventures de la vie mentale. Ainsi pourra-t-on entrer au pays des rêves et des cauchemars du cinéma en leur compagnie. Des films d’époques et d’origines très variées jalonnent ce parcours. Leurs réalisateurs (Mosjoukine, Laughton, Lang, Welles, Hitchcock, Bergman, Kobayashi, Fellini, Bunuel, Gilliam, De Oliveira, Nolan…) ont tous célébré à leur manière les noces séculaires du cinéma et de l’onirisme. |
| 856 41 - ELECTRONIC LOCATION AND ACCESS | |
| Uniform Resource Identifier | <a href="https://shs.cairn.info/reves-et-cauchemars-au-cinema--9782200276157?lang=fr&redirect-ssocas=7080">https://shs.cairn.info/reves-et-cauchemars-au-cinema--9782200276157?lang=fr&redirect-ssocas=7080</a> |
Pas d'exemplaire disponible.




Réseaux sociaux